Satellite Award for Best Supporting Actor – Motion Picture - Statistics

General Stats
  • This quiz has been taken 3 times
  • The average score is 4 of 32
Answer Stats
Year Actor % Correct
2006 Leonardo DiCaprio
100%
2007 Casey Affleck
50%
2015 Christian Bale
50%
2010 Christian Bale
50%
2013 Jared Leto
50%
2012 Javier Bardem
50%
2001 Jim Broadbent
50%
2011 Albert Brooks
0%
1996 Armin Mueller-Stahl
0%
2001 Ben Kingsley
0%
1998 Bill Murray
0%
2000 Bruce Greenwood
0%
1997 Burt Reynolds
0%
2004 Christopher Walken
0%
2009 Christoph Waltz
0%
1996 Cuba Gooding Jr.
0%
2005 Danny Huston
0%
2002 Dennis Haysbert
0%
2003 Djimon Hounsou
0%
1998 Donald Sutherland
0%
2003 Eugene Levy
0%
1999 Harry J. Lennix
0%
2016 Jeff Bridges
0%
2014 J. K. Simmons
0%
2002 Michael Constantine
0%
2008 Michael Shannon
0%
1997 Rupert Everett
0%
2004 Thomas Haden Church
0%
2007 Tom Wilkinson
0%
2005 Val Kilmer
0%
2000 Willem Dafoe
0%
1999 William H. Macy
0%
No matching quizzes found
Score Distribution
Percent of People with Each Score
Percentile by Number Answered
Your Score History
You have not taken this quiz